000
00299nam a2200133Ia 4500
008
190216s9999||||xx |||||||||||||| ||und||
100
_a
Null
245
0
_a
Msce Test Success Windows 95
250
_a
1st Ed.
260
_b
Bpb Publications
_c
1997
300
_a
363
650
_a
Computer
942
_c
BK
999
_c
8593
_d
8593